|
|
|
|
| LEADER |
00000nam0a2200000 4500 |
| 001 |
258343 |
| 005 |
20231101233305.0 |
| 035 |
|
|
|a (RuTPU)RU\TPU\book\281191
|
| 035 |
|
|
|a RU\TPU\book\281179
|
| 090 |
|
|
|a 258343
|
| 100 |
|
|
|a 20140424d1986 k y0rusy50 ca
|
| 101 |
0 |
|
|a rus
|
| 102 |
|
|
|a GE
|
| 105 |
|
|
|a a z 001zy
|
| 200 |
1 |
|
|a Теоретическая радиотехника
|e сборник научных трудов
|f Грузинский государственный политехнический институт им. В. И. Ленина ; под ред. И. Г. Зедгинидзе
|
| 210 |
|
|
|a Тбилиси
|c Изд-во ГПИ
|d 1986
|
| 215 |
|
|
|a 96 с.
|c ил.
|
| 225 |
1 |
|
|a Труды Грузинского политехнического института
|v № 14 (311)
|
| 320 |
|
|
|a Библиография в конце статей
|
| 606 |
1 |
|
|a Радиосвязь
|2 stltpush
|3 (RuTPU)RU\TPU\subj\68248
|9 83682
|
| 610 |
1 |
|
|a радиотехника
|
| 610 |
1 |
|
|a радиотехнические цепи
|
| 610 |
1 |
|
|a анализ
|
| 610 |
1 |
|
|a синтез
|
| 610 |
1 |
|
|a электромагнитные процессы
|
| 610 |
1 |
|
|a генерирование
|
| 610 |
1 |
|
|a сигналы
|
| 675 |
|
|
|a 621.396
|v 3
|
| 702 |
|
1 |
|a Джапаридзе
|b В. П.
|4 340
|
| 712 |
0 |
2 |
|a Грузинский государственный политехнический институт им. В. И. Ленина
|c (Тбилиси)
|c (1959-1990)
|2 stltpush
|3 (RuTPU)RU\TPU\col\13604
|9 25717
|
| 801 |
|
1 |
|a RU
|b 63413507
|c 20130126
|
| 801 |
|
2 |
|a RU
|b 63413507
|c 20141106
|g RCR
|
| 942 |
|
|
|c BK
|